[Event "5th Boris Kostic mem"]
[Site "Vrsac"]
[Date "1973.09.22"]
[Round "6"]
[White "Masic, Ljubomir"]
[Black "Tringov, Georgi"]
[Result "0-1"]
[WhiteElo "2360"]
[BlackElo "2450"]
[EventDate "1973.09.16"]
[PlyCount "76"]
[Source "Perpetual Check"]

1.Nf3 Nf6 2.c4 g6 3.Nc3 Bg7 4.e4 d6 5.d4 O-O 6.Be2 e5 7.O-O Nc6 8.d5 Ne7 
9.Nd2 c5 10.Rb1 Ne8 11.b4 b6 12.bxc5 bxc5 13.Qa4 f5 14.f3 Kh8 15.Nb3 Ng8 
16.Na5 Ngf6 17.Nc6 Qd7 18.Bd3 Nh5 19.Ne2 Nef6 20.h3 f4 21.Bc2 g5 22.Bd1 
Qe8 23.Rf2 Ng3 24.Nxg3 fxg3 25.Rfb2 g4 26.hxg4 Nxe4 27.fxe4 Qf7 28.Bf3 
Bxg4 29.Qd1 Qh5 30.Be3 Rxf3 31.gxf3 Bxf3 32.Rb8+ Bf8 33.Qxf3 Qxf3 34.R8b3 
Qxe4 35.R1b2 Qxc4 36.Rb8 Rxb8 37.Rxb8 Kg7 38.Rb7+ Kg6 0-1

[Event "5th Boris Kostic mem"]
[Site "Vrsac"]
[Date "1973.09.24"]
[Round "7"]
[White "Forintos, Gyozo"]
[Black "Masic, Ljubomir"]
[Result "1/2-1/2"]
[WhiteElo "2460"]
[BlackElo "2360"]
[EventDate "1973.09.16"]
[PlyCount "114"]
[Source "Perpetual Check"]

1.d4 Nf6 2.c4 g6 3.Nc3 Bg7 4.e4 d6 5.Nge2 O-O 6.Ng3 c5 7.d5 e6 8.Be2 exd5 
9.exd5 Nbd7 10.O-O Ne8 11.Be3 h6 12.Qd2 Kh7 13.f4 f5 14.h3 Ndf6 15.Bf2 Bd7
16.Rab1 h5 17.Rfe1 Ng8 18.Nf1 Nh6 19.Nh2 Bf6 20.Nf3 Nf7 21.a3 a5 22.Rec1 
b6 23.Bd3 Nc7 24.Re1 Re8 25.Rxe8 Bxe8 26.Qc2 Kg7 27.g4 hxg4 28.hxg4 fxg4 
29.Nh2 Bd4 30.Ne4 Qh4 31.Bxd4+ cxd4 32.Qf2 Qxf2+ 33.Kxf2 Bd7 34.Kg3 Na6 
35.Rd1 Nc5 36.Nf2 Bf5 37.Nhxg4 Re8 38.Kf3 Nxd3 39.Nxd3 Nh6 40.Ndf2 Bxg4+ 
41.Nxg4 Nf5 42.a4 Re7 43.Kf2 Re4 44.Kf3 Re8 45.b3 Re7 46.Rd3 Re1 47.Nf2 
Kf7 48.Nh3 Ke7 49.Ng5 Kd7 50.Ne6 Rg1 51.Kf2 Rg4 52.Rh3 Nh4 53.Rg3 Rxg3 54.
Kxg3 d3 55.Kf2 Nf5 56.Ke1 Ng3 57.Ng5 Ne2 1/2-1/2

[Event "5th Boris Kostic mem"]
[Site "Vrsac"]
[Date "1973.09.24"]
[Round "7"]
[White "Tringov, Georgi"]
[Black "Hecht, Hans-Joachim"]
[Result "1/2-1/2"]
[WhiteElo "2450"]
[BlackElo "2505"]
[EventDate "1973.09.16"]
[PlyCount "84"]
[Source "Perpetual Check"]

1.e4 e6 2.d4 d5 3.Nd2 Nc6 4.Ngf3 Nf6 5.e5 Ne4 6.Bd3 Nxd2 7.Bxd2 Nb4 8.Bxb4
Bxb4+ 9.c3 Be7 10.h4 Bd7 11.h5 c5 12.h6 g6 13.dxc5 Qc7 14.Qe2 Qxc5 15.O-O 
a6 16.Nh2 Bb5 17.Ng4 Bxd3 18.Qxd3 O-O 19.Qf3 Rfc8 20.Rad1 Bg5 21.Rd4 Qe7 
22.Rfd1 Rc7 23.b3 Rf8 24.c4 f5 25.exf6 Bxf6 26.Nxf6+ Rxf6 27.Qe3 dxc4 28.
bxc4 Rf8 29.Rd6 e5 30.c5 Re8 31.a4 Qf7 32.Rd8 Re7 33.Qe4 Rf8 34.f3 Qf4 35.
Qd5+ Qf7 36.Qe4 Qf4 37.Rxf8+ Kxf8 38.Rd8+ Re8 39.Rxe8+ Kxe8 40.Qxb7 Qc1+ 
41.Kf2 Qd2+ 42.Kg3 Qg5+ 1/2-1/2

[Event "5th Boris Kostic mem"]
[Site "Vrsac"]
[Date "1973.09.24"]
[Round "7"]
[White "Kirov, Nino"]
[Black "Krnic, Zdenko"]
[Result "1/2-1/2"]
[WhiteElo "2420"]
[BlackElo "2400"]
[EventDate "1973.09.16"]
[PlyCount "41"]
[Source "Perpetual Check"]

1.c4 e5 2.Nc3 Nc6 3.g3 g6 4.Bg2 Bg7 5.Rb1 a5 6.a3 d6 7.b4 axb4 8.axb4 Bf5 
9.d3 Qd7 10.b5 Nd8 11.Nd5 Nf6 12.e4 Bg4 13.f3 Be6 14.Bg5 Nh5 15.Ne2 f6 16.
Be3 f5 17.O-O O-O 18.f4 fxe4 19.dxe4 Bg4 20.Qd2 Ne6 21.Rf2 1/2-1/2

[Event "5th Boris Kostic mem"]
[Site "Vrsac"]
[Date "1973.09.24"]
[Round "7"]
[White "Radulov, Ivan"]
[Black "Zuckerman, Bernard"]
[Result "1-0"]
[WhiteElo "2530"]
[BlackElo "2455"]
[EventDate "1973.09.16"]
[PlyCount "87"]
[Source "Perpetual Check"]

1.e4 e5 2.Nf3 Nc6 3.d4 exd4 4.Nxd4 Qh4 5.Nxc6 Qxe4+ 6.Be2 dxc6 7.O-O Be6 
8.Nc3 Qe5 9.f4 Qc5+ 10.Kh1 Nf6 11.f5 Bd7 12.Qd3 O-O-O 13.Be3 Qa5 14.Qc4 
Bxf5 15.Qxf7 Bg6 16.Qc4 Bd6 17.a3 Rhe8 18.Bg1 Ne4 19.Rfe1 Kb8 20.Bg4 Nxc3 
21.bxc3 Rxe1 22.Rxe1 Bh5 23.Bh3 Qd5 24.Qh4 Rf8 25.c4 Qd2 26.Rf1 Bg6 27.Rf2
Qd1 28.Bg4 Qxg1+ 29.Kxg1 Bc5 30.Bf3 Bxc2 31.Qg5 Bf5 32.g4 Bxf2+ 33.Kxf2 
Be4 34.Qe7 Rxf3+ 35.Ke2 b6 36.Qxe4 Rh3 37.Qxc6 Rxh2+ 38.Kd3 Rh3+ 39.Kd4 
Rxa3 40.Qe8+ Kb7 41.Qe4+ Ka6 42.Qxh7 g5 43.Qg8 Ra5 44.Qc8# 1-0

[Event "5th Boris Kostic mem"]
[Site "Vrsac"]
[Date "1973.09.24"]
[Round "7"]
[White "Buljovcic, Ivan"]
[Black "Uhlmann, Wolfgang"]
[Result "1/2-1/2"]
[WhiteElo "2435"]
[BlackElo "2560"]
[EventDate "1973.09.16"]
[PlyCount "39"]
[Source "Perpetual Check"]

1.e4 e6 2.d4 d5 3.Nd2 c5 4.exd5 exd5 5.Ngf3 Nc6 6.Bb5 Bd6 7.dxc5 Bxc5 8.
O-O Ne7 9.Nb3 Bd6 10.Bg5 O-O 11.c3 Bg4 12.Bh4 Qb6 13.Bd3 Ne5 14.Be2 Nc4 
15.Bxe7 Bxe7 16.Qxd5 Nxb2 17.Rab1 Na4 18.Qc4 Bd7 19.Nbd4 Qd6 20.Rxb7 
1/2-1/2

[Event "5th Boris Kostic mem"]
[Site "Vrsac"]
[Date "1973.09.24"]
[Round "7"]
[White "Quinteros, Miguel Angel"]
[Black "Velimirovic, Dragoljub"]
[Result "0-1"]
[WhiteElo "2520"]
[BlackElo "2510"]
[EventDate "1973.09.16"]
[PlyCount "54"]
[Source "Perpetual Check"]

1.d4 Nf6 2.Nf3 c5 3.c3 e6 4.Bg5 h6 5.Bxf6 Qxf6 6.e3 Nc6 7.Nbd2 d5 8.Bb5 
Bd6 9.e4 cxd4 10.cxd4 dxe4 11.Nxe4 Bb4+ 12.Kf1 Qf5 13.Bd3 O-O 14.a3 Be7 
15.Qe2 Rd8 16.Nc3 Qf4 17.Qe3 Bg5 18.Qxf4 Bxf4 19.Rd1 Kf8 20.Bb5 Ne7 21.Ke2
b6 22.g3 Bd6 23.d5 exd5 24.Nxd5 Nxd5 25.Rxd5 Bb7 26.Rd3 a6 27.Rhd1 axb5 
0-1

[Event "5th Boris Kostic mem"]
[Site "Vrsac"]
[Date "1973.09.25"]
[Round "8"]
[White "Parma, Bruno"]
[Black "Buljovcic, Ivan"]
[Result "1/2-1/2"]
[WhiteElo "2500"]
[BlackElo "2435"]
[EventDate "1973.09.16"]
[PlyCount "27"]
[Source "Perpetual Check"]

1.e4 c5 2.Nf3 d6 3.Nc3 Nf6 4.d4 cxd4 5.Nxd4 a6 6.Bg5 e6 7.f4 Qb6 8.Qd2 
Qxb2 9.Nb3 Qa3 10.Bxf6 gxf6 11.Be2 Qb4 12.O-O h5 13.Kh1 Qb6 14.Rf3 1/2-1/2

[Event "5th Boris Kostic mem"]
[Site "Vrsac"]
[Date "1973.09.25"]
[Round "8"]
[White "Uhlmann, Wolfgang"]
[Black "Quinteros, Miguel Angel"]
[Result "1/2-1/2"]
[WhiteElo "2560"]
[BlackElo "2520"]
[EventDate "1973.09.16"]
[PlyCount "116"]
[Source "Perpetual Check"]

1.c4 e5 2.Nc3 d6 3.Nf3 g6 4.d4 Bg7 5.dxe5 dxe5 6.Qxd8+ Kxd8 7.Be3 h6 8.
O-O-O+ Bd7 9.g4 Kc8 10.h3 Be6 11.b3 Ne7 12.Bg2 f5 13.Bc5 Nec6 14.Nh4 Nd7 
15.Ba3 e4 16.Nd5 Nde5 17.Nf4 Bf7 18.gxf5 g5 19.Nfg6 Re8 20.Nxe5 Nxe5 21.f6
Bxf6 22.Nf5 a5 23.Bb2 Ra6 24.Ng3 e3 25.fxe3 Ng6 26.Bxf6 Rxf6 27.Ne4 Rfe6 
28.Nc5 Rxe3 29.Bxb7+ Kb8 30.Bc6 Rc8 31.Rhf1 Nf4 32.Rd2 Rxe2 33.Rxe2 Nxe2+ 
34.Kd2 Nf4 35.h4 Rd8+ 36.Ke3 Ka7 37.Be4 Re8 38.hxg5 hxg5 39.Rg1 Rg8 40.Rh1
Ne6 41.Nxe6 Bxe6 42.Rh7 Rc8 43.Kd4 Kb8 44.Re7 Rd8+ 45.Kc5 Bd7 46.Rg7 g4 
47.Bd5 Bc8 48.Kb5 Bb7 49.Be6 Rd2 50.c5 Bd5 51.Rd7 Kb7 52.Bxd5+ Rxd5 53.Rg7
Rf5 54.a3 Rh5 55.Kc4 Rh3 56.a4 Rh6 57.Kb5 Rh5 58.Rg6 g3 1/2-1/2

[Event "5th Boris Kostic mem"]
[Site "Vrsac"]
[Date "1973.09.25"]
[Round "8"]
[White "Velimirovic, Dragoljub"]
[Black "Radulov, Ivan"]
[Result "1/2-1/2"]
[WhiteElo "2510"]
[BlackElo "2530"]
[EventDate "1973.09.16"]
[PlyCount "86"]
[Source "Perpetual Check"]

1.e4 c5 2.Nf3 Nc6 3.d4 cxd4 4.Nxd4 Nf6 5.Nc3 d6 6.Bc4 Qb6 7.Nde2 e6 8.Bb3 
a6 9.Bg5 Be7 10.Bxf6 gxf6 11.O-O Bd7 12.Kh1 O-O-O 13.f4 Kb8 14.f5 Qc5 15.
Nf4 Na5 16.Qh5 Rdf8 17.Rad1 Nc4 18.fxe6 Qxh5 19.Nxh5 Bxe6 20.Bxc4 Bxc4 21.
Rf2 f5 22.b3 Be6 23.exf5 Bc8 24.Nd5 Bd8 25.c4 Re8 26.Nhf6 Re5 27.g4 h5 28.
Nxh5 Bh4 29.Rf3 Bxf5 30.Rxf5 Rxf5 31.gxf5 Rxh5 32.Rf1 Bg3 33.Kg2 Be5 34.
Nf4 Rxf5 35.Kg3 Rg5+ 36.Kf3 f5 37.h3 Kc8 38.Rh1 Kd7 39.h4 Rg4 40.Ne2 Ke7 
41.h5 Kf7 42.h6 Rg8 43.Nf4 Rg4 1/2-1/2

[Event "5th Boris Kostic mem"]
[Site "Vrsac"]
[Date "1973.09.25"]
[Round "8"]
[White "Zuckerman, Bernard"]
[Black "Kirov, Nino"]
[Result "1-0"]
[WhiteElo "2455"]
[BlackElo "2420"]
[EventDate "1973.09.16"]
[PlyCount "79"]
[Source "Perpetual Check"]

1.e4 c5 2.Nf3 e6 3.d4 cxd4 4.Nxd4 Nc6 5.Nc3 a6 6.g3 d6 7.Bg2 Bd7 8.O-O Nf6
9.Re1 Be7 10.Nxc6 Bxc6 11.a4 O-O 12.a5 Nd7 13.b3 Bf6 14.Re3 Nc5 15.Ba3 Rc8
16.Ra2 b5 17.axb6 Qxb6 18.Qxd6 Rfd8 19.Qxc5 Qxc5 20.Bxc5 Bxc3 21.Bf3 Bd2 
22.Re2 Bc3 23.Re3 Bd2 24.Bb6 Bxe3 25.Bxd8 Rxd8 26.fxe3 Bb7 27.Be2 Bxe4 28.
Bxa6 Rd1+ 29.Kf2 h5 30.Bd3 Bxd3 31.cxd3 Rxd3 32.Rb2 Kf8 33.Ke2 Rd7 34.b4 
Ke7 35.b5 g5 36.e4 Rb7 37.Kd3 Kd6 38.Kd4 f5 39.e5+ Kd7 40.Kc5 1-0

[Event "5th Boris Kostic mem"]
[Site "Vrsac"]
[Date "1973.09.25"]
[Round "8"]
[White "Krnic, Zdenko"]
[Black "Tringov, Georgi"]
[Result "1/2-1/2"]
[WhiteElo "2400"]
[BlackElo "2450"]
[EventDate "1973.09.16"]
[PlyCount "81"]
[Source "Perpetual Check"]

1.e4 c5 2.Nf3 d6 3.Bb5+ Nd7 4.d4 Nf6 5.e5 Qa5+ 6.Nc3 Ne4 7.Bd2 Nxc3 8.
Bxd7+ Bxd7 9.Bxc3 Qa6 10.exd6 exd6 11.Qe2+ Qxe2+ 12.Kxe2 f6 13.a4 Kf7 14.
Rhd1 Bf5 15.Rd2 Be7 16.Re1 Rhe8 17.Kd1 Bf8 18.Rde2 Rxe2 19.Rxe2 Bd7 20.b3 
Bc6 21.Re3 Rc8 22.g3 b6 23.Nd2 d5 24.f4 Bd7 25.Nf3 Bf5 26.Ne1 h6 27.Nd3 g5
28.fxg5 hxg5 29.Kc1 c4 30.Nf2 g4 31.Kb2 Bd6 32.Re2 Rh8 33.Nd1 cxb3 34.cxb3
Be4 35.Rf2 f5 36.Bd2 Bf3 37.Nc3 Be7 38.Bf4 Bf6 39.Rd2 a6 40.Na2 Re8 41.Nb4
1/2-1/2

[Event "5th Boris Kostic mem"]
[Site "Vrsac"]
[Date "1973.09.25"]
[Round "8"]
[White "Hecht, Hans-Joachim"]
[Black "Forintos, Gyozo"]
[Result "1-0"]
[WhiteElo "2505"]
[BlackElo "2460"]
[EventDate "1973.09.16"]
[PlyCount "99"]
[Source "Perpetual Check"]

1.e4 c5 2.Nf3 g6 3.c4 Nc6 4.d4 cxd4 5.Nxd4 d6 6.Nc3 Nf6 7.Be2 Bg7 8.Be3 
Nd7 9.Qd2 Nc5 10.O-O O-O 11.Rad1 Bd7 12.f3 a5 13.b3 Nxd4 14.Bxd4 Bc6 15.
Be3 Qb6 16.Nb5 Rfc8 17.Rc1 Qd8 18.Rfd1 Qf8 19.Nc3 Rab8 20.Bf1 Kh8 21.Nd5 
b6 22.Qf2 Rb7 23.Qh4 Kg8 24.Re1 Re8 25.Rcd1 f6 26.Bd4 Qf7 27.Qf2 Qf8 28.
Qb2 Ra8 29.a3 Nd7 30.b4 axb4 31.axb4 b5 32.cxb5 Bxd5 33.exd5 Bh6 34.g3 g5 
35.Ra1 Rc8 36.Rac1 Rcb8 37.Qc2 Ne5 38.Qf5 Qe8 39.b6 Qf7 40.Rc8+ Kg7 41.
Rxb8 Rxb8 42.Bd3 Qg6 43.Qxg6+ hxg6 44.Be2 Nd7 45.Ba6 Nxb6 46.Rxe7+ Kf8 47.
Rb7 Rxb7 48.Bxb7 Nd7 49.Bc6 Ke7 50.Bxd7 1-0

[Event "5th Boris Kostic mem"]
[Site "Vrsac"]
[Date "1973.09.26"]
[Round "9"]
[White "Masic, Ljubomir"]
[Black "Hecht, Hans-Joachim"]
[Result "1-0"]
[WhiteElo "2360"]
[BlackElo "2505"]
[EventDate "1973.09.16"]
[PlyCount "129"]
[Source "Perpetual Check"]

1.Nf3 Nf6 2.c4 e6 3.g3 b6 4.Bg2 Bb7 5.O-O Be7 6.b3 O-O 7.Bb2 c5 8.Nc3 d6 
9.d4 cxd4 10.Qxd4 Nc6 11.Qf4 Qb8 12.Rad1 Rd8 13.e4 a6 14.a3 Ne5 15.Qe3 
Nfd7 16.Nd4 Qc7 17.Rc1 Rac8 18.f4 Ng4 19.Qe2 Ngf6 20.Nd1 Bf8 21.Nf2 e5 22.
Nf5 Re8 23.Qd2 Nc5 24.Qc2 g6 25.Ne3 Bg7 26.fxe5 dxe5 27.Nd5 Nxd5 28.exd5 
f5 29.b4 Nd7 30.Qb3 Qd6 31.Nd3 e4 32.Bxg7 Kxg7 33.Nf4 Re5 34.Kh1 Rc7 35.
Qb2 Kg8 36.c5 bxc5 37.bxc5 Nxc5 38.Rxc5 Rxc5 39.Qxb7 Rc7 40.Qb8+ Kg7 41.
Ne6+ Rxe6 42.dxe6 Rc6 43.Qxd6 Rxd6 44.e7 Re6 45.Rc1 Rxe7 46.Bf1 Re5 47.Rc6
a5 48.Kg1 g5 49.Rb6 f4 50.Rb5 Kf6 51.Rb6+ Re6 52.Rxe6+ Kxe6 53.Ba6 Ke5 54.
Kf2 Kd4 55.Ke2 f3+ 56.Kd2 e3+ 57.Kc2 g4 58.Bc8 h5 59.Bd7 Ke5 60.Kd3 e2 61.
Kd2 Kf6 62.Bc6 Kg6 63.h3 Kf6 64.Bd7 Ke7 65.Bc8 1-0

[Event "5th Boris Kostic mem"]
[Site "Vrsac"]
[Date "1973.09.26"]
[Round "9"]
[White "Forintos, Gyozo"]
[Black "Krnic, Zdenko"]
[Result "1/2-1/2"]
[WhiteElo "2460"]
[BlackElo "2400"]
[EventDate "1973.09.16"]
[PlyCount "126"]
[Source "Perpetual Check"]

1.d4 Nf6 2.c4 g6 3.Nc3 d5 4.Bg5 Ne4 5.Bh4 c5 6.e3 Bg7 7.cxd5 Nxc3 8.bxc3 
Qxd5 9.Nf3 Nc6 10.Be2 O-O 11.O-O cxd4 12.cxd4 b6 13.Qb3 Qe4 14.Bd3 Qg4 15.
h3 Qh5 16.Qb5 Bb7 17.Qxh5 gxh5 18.Rab1 Rad8 19.Rfd1 Rd7 20.Ng5 h6 21.Ne4 
Ne5 22.dxe5 Rxd3 23.Rxd3 Bxe4 24.Rbd1 Bxd3 25.Rxd3 e6 26.Rd7 Bxe5 27.Rxa7 
Rc8 28.f4 Bd6 29.Bf6 Bc5 30.Kf2 Kh7 31.Kf3 Kg6 32.Bh4 b5 33.Ra5 b4 34.Ra6 
Bf8 35.g4 hxg4+ 36.hxg4 Kh7 37.f5 exf5 38.gxf5 Bg7 39.Bg3 Rc3 40.Bd6 Rc4 
41.Ra7 Kg8 42.Ra8+ Kh7 43.Ra7 Kg8 44.e4 Rc3+ 45.Kf4 b3 46.axb3 Rxb3 47.e5 
Rb1 48.f6 Rf1+ 49.Kg4 Bxf6 50.exf6 Rxf6 51.Be5 Rg6+ 52.Kh5 Kf8 53.Bf4 Kg7 
54.Be5+ Kf8 55.Ra8+ Ke7 56.Bf4 Ke6 57.Bxh6 Rg1 58.Be3 Rg3 59.Ra6+ Kf5 60.
Ra5+ Ke4 61.Bg5 Rd3 62.Kg4 f5+ 63.Kh5 Rd1 1/2-1/2

[Event "5th Boris Kostic mem"]
[Site "Vrsac"]
[Date "1973.09.26"]
[Round "9"]
[White "Kirov, Nino"]
[Black "Velimirovic, Dragoljub"]
[Result "1/2-1/2"]
[WhiteElo "2420"]
[BlackElo "2510"]
[EventDate "1973.09.16"]
[PlyCount "78"]
[Source "Perpetual Check"]

1.Nf3 Nf6 2.g3 g6 3.Bg2 Bg7 4.O-O O-O 5.d4 d6 6.c4 Nc6 7.Nc3 Bg4 8.d5 Na5 
9.b3 c5 10.dxc6 bxc6 11.Bb2 Rb8 12.Qd2 Qb6 13.Na4 Qa6 14.Rac1 Be6 15.Qc2 
Bf5 16.Qd1 c5 17.Nd2 Nc6 18.Nb1 Nb4 19.Nbc3 Bd7 20.Qd2 Qc8 21.Ba1 Bh3 22.
Nb2 h5 23.Nd3 Bxg2 24.Kxg2 Nc6 25.Nd5 Nxd5 26.Bxg7 Kxg7 27.cxd5 Nb4 28.Nf4
Qf5 29.h4 Na6 30.Rc4 Rb4 31.Rfc1 Rfb8 32.e4 Qf6 33.Nd3 Rxc4 34.Rxc4 Rb7 
35.Qe1 Nc7 36.b4 cxb4 37.Rxb4 Rxb4 38.Qxb4 Na8 39.a4 Nb6 1/2-1/2

[Event "5th Boris Kostic mem"]
[Site "Vrsac"]
[Date "1973.09.26"]
[Round "9"]
[White "Radulov, Ivan"]
[Black "Uhlmann, Wolfgang"]
[Result "1/2-1/2"]
[WhiteElo "2530"]
[BlackElo "2560"]
[EventDate "1973.09.16"]
[PlyCount "21"]
[Source "Perpetual Check"]

1.e4 e6 2.d4 d5 3.Nd2 c5 4.Ngf3 Nc6 5.exd5 exd5 6.Bb5 Bd6 7.dxc5 Bxc5 8.
O-O Ne7 9.Nb3 Bd6 10.Bg5 O-O 11.Bh4 1/2-1/2

[Event "5th Boris Kostic mem"]
[Site "Vrsac"]
[Date "1973.09.26"]
[Round "9"]
[White "Quinteros, Miguel Angel"]
[Black "Parma, Bruno"]
[Result "1/2-1/2"]
[WhiteElo "2520"]
[BlackElo "2500"]
[EventDate "1973.09.16"]
[PlyCount "26"]
[Source "Perpetual Check"]

1.e4 c5 2.Nf3 Nc6 3.d4 cxd4 4.Nxd4 g6 5.c4 Nf6 6.Nc3 Nxd4 7.Qxd4 d6 8.Be3 
Bg7 9.f3 O-O 10.Qd2 Be6 11.Rc1 Qa5 12.Nd5 Qxa2 13.Nxe7+ Kh8 1/2-1/2

[Event "5th Boris Kostic mem"]
[Site "Vrsac"]
[Date "1973.09.27"]
[Round "10"]
[White "Krnic, Zdenko"]
[Black "Masic, Ljubomir"]
[Result "0-1"]
[WhiteElo "2400"]
[BlackElo "2360"]
[EventDate "1973.09.16"]
[PlyCount "48"]
[Source "Perpetual Check"]

1.e4 c5 2.Nf3 e6 3.d4 cxd4 4.Nxd4 Nf6 5.Nc3 d6 6.g4 h6 7.Rg1 Nc6 8.Be3 a6 
9.Be2 Qa5 10.Qd2 Nxd4 11.Bxd4 e5 12.Be3 Be6 13.f4 exf4 14.Bxf4 Rc8 15.Bf3 
Nd7 16.Bxd6 Qb6 17.O-O-O Bxd6 18.Qxd6 Qe3+ 19.Kb1 Rxc3 20.bxc3 Qxf3 21.Qc7
Qf6 22.Rd6 O-O 23.Rxd7 Bxd7 24.Qxd7 Qb6+ 0-1

[Event "5th Boris Kostic mem"]
[Site "Vrsac"]
[Date "1973.09.27"]
[Round "10"]
[White "Parma, Bruno"]
[Black "Radulov, Ivan"]
[Result "1/2-1/2"]
[WhiteElo "2500"]
[BlackElo "2530"]
[EventDate "1973.09.16"]
[PlyCount "34"]
[Source "Perpetual Check"]

1.e4 e5 2.Nf3 Nc6 3.Bb5 a6 4.Ba4 Nf6 5.O-O b5 6.Bb3 Be7 7.Re1 d6 8.c3 O-O 
9.h3 Nb8 10.a4 Bb7 11.d3 Nbd7 12.axb5 axb5 13.Rxa8 Qxa8 14.Na3 Qa5 15.Bg5 
Nc5 16.Bc2 Ne6 17.Bd2 c5 1/2-1/2

[Event "5th Boris Kostic mem"]
[Site "Vrsac"]
[Date "1973.09.27"]
[Round "10"]
[White "Uhlmann, Wolfgang"]
[Black "Kirov, Nino"]
[Result "0-1"]
[WhiteElo "2560"]
[BlackElo "2420"]
[EventDate "1973.09.16"]
[PlyCount "66"]
[Source "Perpetual Check"]

1.c4 g6 2.e4 c5 3.Nf3 Nc6 4.d4 cxd4 5.Nxd4 Nf6 6.Nc3 Bg7 7.Be3 Ng4 8.Qxg4 
Nxd4 9.Qd1 Ne6 10.Qd2 Qa5 11.Rc1 b6 12.Be2 Bb7 13.f3 Be5 14.O-O g5 15.Rfd1
d6 16.g3 h5 17.a3 h4 18.b4 Qxa3 19.Nb5 Qb2 20.Rc2 Qb3 21.c5 bxc5 22.bxc5 
hxg3 23.hxg3 Rh3 24.cxd6 exd6 25.Bf2 Ke7 26.Bf1 Qxf3 27.Bg2 Rxg3 28.Bxg3 
Qxg3 29.Qd3 Qh2+ 30.Kf1 Ba6 31.Rb1 Bd4 32.Rf2 Bxf2 33.Kxf2 Qxg2+ 0-1

[Event "5th Boris Kostic mem"]
[Site "Vrsac"]
[Date "1973.09.27"]
[Round "10"]
[White "Velimirovic, Dragoljub"]
[Black "Tringov, Georgi"]
[Result "0-1"]
[WhiteElo "2510"]
[BlackElo "2450"]
[EventDate "1973.09.16"]
[PlyCount "82"]
[Source "Perpetual Check"]

1.e4 c5 2.Nf3 Nc6 3.d4 cxd4 4.Nxd4 Nf6 5.Nc3 d6 6.Bc4 e6 7.Be3 Be7 8.Qe2 
O-O 9.O-O-O Qc7 10.Bb3 a6 11.g4 Nxd4 12.Rxd4 b5 13.f4 Nd7 14.f5 Nc5 15.g5 
Rd8 16.f6 Bf8 17.fxg7 Bxg7 18.e5 Bb7 19.Rf1 dxe5 20.Rh4 Rd4 21.Bxd4 exd4 
22.Qh5 dxc3 23.Qxh7+ Kf8 24.Rhf4 Nxb3+ 25.axb3 cxb2+ 26.Kb1 Rd8 27.Rf6 Rd2
28.h4 Bxf6 29.gxf6 Rg2 30.Kxb2 b4 31.Kb1 Bd5 32.Qh8+ Rg8 33.Qh7 Qg3 34.h5 
Ke8 35.Rd1 Qg4 36.Rd4 Qg1+ 37.Ka2 Rg4 38.Rd3 Rg2 39.Rh3 Qf2 40.h6 Qxf6 41.
Qd3 Rg1 0-1

[Event "5th Boris Kostic mem"]
[Site "Vrsac"]
[Date "1973.09.28"]
[Round "11"]
[White "Hecht, Hans-Joachim"]
[Black "Krnic, Zdenko"]
[Result "1-0"]
[WhiteElo "2505"]
[BlackElo "2400"]
[EventDate "1973.09.16"]
[PlyCount "69"]
[Source "Perpetual Check"]

1.e4 c5 2.Nf3 Nc6 3.Bb5 e6 4.Bxc6 bxc6 5.O-O d5 6.d3 Ne7 7.Nc3 Ng6 8.Re1 
Be7 9.Na4 O-O 10.Be3 d4 11.Bc1 e5 12.Nd2 Nf4 13.Nc4 f6 14.Bxf4 exf4 15.f3 
Be6 16.Qd2 g5 17.b3 Rb8 18.Re2 Qd7 19.Rae1 Rfd8 20.e5 f5 21.Nd6 Rb5 22.c4 
dxc3 23.Qxc3 Bxd6 24.exd6 Bf7 25.Qf6 Qxd6 26.Re8+ Bxe8 27.Rxe8+ Rxe8 28.
Qxd6 c4 29.dxc4 Rbe5 30.Nc3 Re1+ 31.Kf2 Rc1 32.Qd2 Rh1 33.h3 h5 34.Ne2 Ra1
35.Nc1 1-0

[Event "5th Boris Kostic mem"]
[Site "Vrsac"]
[Date "1973.09.28"]
[Round "11"]
[White "Masic, Ljubomir"]
[Black "Zuckerman, Bernard"]
[Result "1/2-1/2"]
[WhiteElo "2360"]
[BlackElo "2455"]
[EventDate "1973.09.16"]
[PlyCount "37"]
[Source "Perpetual Check"]

1.Nf3 Nf6 2.c4 g6 3.Nc3 Bg7 4.g3 O-O 5.Bg2 d6 6.O-O Nc6 7.Rb1 a5 8.a3 e5 
9.d3 Nh5 10.b4 axb4 11.axb4 f5 12.b5 Ne7 13.Bb2 f4 14.Qb3 Kh8 15.Ra1 Rb8 
16.Rfd1 Bg4 17.d4 Bxf3 18.Bxf3 fxg3 19.hxg3 1/2-1/2

[Event "5th Boris Kostic mem"]
[Site "Vrsac"]
[Date "1973.09.28"]
[Round "11"]
[White "Forintos, Gyozo"]
[Black "Velimirovic, Dragoljub"]
[Result "1/2-1/2"]
[WhiteElo "2460"]
[BlackElo "2510"]
[EventDate "1973.09.16"]
[PlyCount "115"]
[Source "Perpetual Check"]

1.d4 c5 2.d5 Nf6 3.c4 e6 4.Nc3 exd5 5.cxd5 g6 6.e4 d6 7.Bf4 Nh5 8.Be3 Bg7 
9.Be2 Nf6 10.Nf3 O-O 11.Nd2 Na6 12.O-O Re8 13.Bg5 Nc7 14.a4 b6 15.Re1 Rb8 
16.Rb1 h6 17.Bh4 a6 18.b4 g5 19.Bg3 cxb4 20.Rxb4 Bg4 21.Bxg4 Nxg4 22.Rb3 
Ne5 23.Nf3 Nxf3+ 24.Qxf3 b5 25.axb5 axb5 26.Reb1 Qd7 27.h3 Rb7 28.Qg4 Qxg4
29.hxg4 Bxc3 30.Rxc3 Rxe4 31.Bxd6 Nxd5 32.Rc5 Nf6 33.f3 Re6 34.Be5 b4 35.
Rb3 Kh7 36.Bb2 Rd6 37.Rc8 Kg6 38.Kh2 Re6 39.Rd8 Ne8 40.Rd4 Reb6 41.Rd8 Ng7
42.Bd4 Rc6 43.Bxg7 Kxg7 44.Rd4 Rcb6 45.Kg1 f6 46.Kh2 Kf7 47.Re4 Rb5 48.Kh3
Rb8 49.Kg3 R8b6 50.Kh3 Kg6 51.Rd4 f5 52.gxf5+ Kxf5 53.Re4 h5 54.Kg3 Rb8 
55.Kh3 R8b7 56.Kg3 R5b6 57.Kh3 Rb8 58.Kg3 1/2-1/2

[Event "5th Boris Kostic mem"]
[Site "Vrsac"]
[Date "1973.09.28"]
[Round "11"]
[White "Tringov, Georgi"]
[Black "Uhlmann, Wolfgang"]
[Result "1/2-1/2"]
[WhiteElo "2450"]
[BlackElo "2560"]
[EventDate "1973.09.16"]
[PlyCount "25"]
[Source "Perpetual Check"]

1.e4 e6 2.d4 d5 3.Nd2 c5 4.Ngf3 Nc6 5.exd5 exd5 6.Bb5 Bd6 7.dxc5 Bxc5 8.
O-O Ne7 9.Nb3 Bd6 10.Re1 O-O 11.Bg5 Bg4 12.Be2 Bh5 13.Bh4 1/2-1/2

[Event "5th Boris Kostic mem"]
[Site "Vrsac"]
[Date "1973.09.28"]
[Round "11"]
[White "Kirov, Nino"]
[Black "Parma, Bruno"]
[Result "1/2-1/2"]
[WhiteElo "2420"]
[BlackElo "2500"]
[EventDate "1973.09.16"]
[PlyCount "33"]
[Source "Perpetual Check"]

1.e4 d6 2.d4 Nf6 3.Nc3 g6 4.h3 Bg7 5.Be3 c6 6.a4 O-O 7.Nf3 Nbd7 8.Be2 e5 
9.dxe5 dxe5 10.Nd2 Qe7 11.Nc4 Rd8 12.Qd6 Qxd6 13.Nxd6 Nf8 14.O-O-O Ne8 15.
Nxc8 Rdxc8 16.Bc4 Nc7 17.a5 1/2-1/2

[Event "5th Boris Kostic mem"]
[Site "Vrsac"]
[Date "1973.09.30"]
[Round "12"]
[White "Buljovcic, Ivan"]
[Black "Quinteros, Miguel Angel"]
[Result "1/2-1/2"]
[WhiteElo "2435"]
[BlackElo "2520"]
[EventDate "1973.09.16"]
[PlyCount "85"]
[Source "Perpetual Check"]

1.e4 g6 2.d4 Bg7 3.Nc3 c6 4.Nf3 d6 5.a4 a5 6.Be3 Nf6 7.h3 O-O 8.Qd2 Na6 9.
Be2 Nd7 10.Bh6 Nb4 11.Bxg7 Kxg7 12.O-O e5 13.Na2 Nxa2 14.Rxa2 Qb6 15.Ra3 
exd4 16.Qxd4+ Qxd4 17.Nxd4 Nc5 18.Bd3 Re8 19.f3 Be6 20.Rd1 Rad8 21.Raa1 f6
22.Nxe6+ Rxe6 23.Bc4 Re7 24.c3 f5 25.exf5 gxf5 26.b4 axb4 27.cxb4 Ne6 28.
Bxe6 Rxe6 29.Re1 Rde8 30.Rxe6 Rxe6 31.Kf2 f4 32.Rd1 Kf6 33.g3 fxg3+ 34.
Kxg3 d5 35.Rd4 Ke5 36.Rh4 h6 37.Kf2 b6 38.a5 bxa5 39.bxa5 c5 40.Ra4 Ra6 
41.f4+ Kf5 42.Kf3 h5 43.Ra1 1/2-1/2

[Event "5th Boris Kostic mem"]
[Site "Vrsac"]
[Date "1973.09.30"]
[Round "12"]
[White "Parma, Bruno"]
[Black "Tringov, Georgi"]
[Result "1/2-1/2"]
[WhiteElo "2500"]
[BlackElo "2450"]
[EventDate "1973.09.16"]
[PlyCount "28"]
[Source "Perpetual Check"]

1.e4 e5 2.Nf3 Nc6 3.Bb5 a6 4.Bxc6 dxc6 5.O-O f6 6.d4 Bg4 7.dxe5 Qxd1 8.
Rxd1 fxe5 9.Rd3 Bd6 10.Nbd2 Nf6 11.Nc4 Nxe4 12.Nfxe5 Bxe5 13.Nxe5 Be6 14.
f3 Nf6 1/2-1/2

[Event "5th Boris Kostic mem"]
[Site "Vrsac"]
[Date "1973.09.30"]
[Round "12"]
[White "Uhlmann, Wolfgang"]
[Black "Forintos, Gyozo"]
[Result "1-0"]
[WhiteElo "2560"]
[BlackElo "2460"]
[EventDate "1973.09.16"]
[PlyCount "131"]
[Source "Perpetual Check"]

1.c4 c5 2.Nf3 g6 3.e4 Bg7 4.d4 d6 5.Nc3 Nf6 6.dxc5 Qa5 7.Bd2 dxc5 8.Be2 
O-O 9.O-O Nc6 10.e5 Nd7 11.e6 fxe6 12.Ng5 Nd4 13.Nb5 Qb6 14.a4 Ne5 15.b4 
Rd8 16.bxc5 Nxe2+ 17.Qxe2 Qxc5 18.Rac1 Nf7 19.Be3 Qe5 20.Nxf7 Kxf7 21.Qf3+
Bf6 22.Bxa7 Qf5 23.Qe2 Bd7 24.Bb6 Rg8 25.a5 Bc6 26.Rfe1 h5 27.Nc7 Rad8 28.
Qxe6+ Qxe6 29.Nxe6 Rd2 30.Nc5 Bd4 31.Nb3 Bxb6 32.Nxd2 Bxa5 33.Re2 Rd8 34.
Nf3 Bxf3 35.gxf3 b6 36.Rb1 Rd3 37.Kg2 Rc3 38.Re4 Rc2 39.Rb5 Kf6 40.f4 Kf7 
41.h4 Kf6 42.Kg3 Rc3+ 43.f3 Rc2 44.Rbe5 Bb4 45.Re6+ Kf7 46.Rxb6 Bd6 47.Rb1
Kf6 48.Rbe1 Kf7 49.R1e2 Rc1 50.Rd2 Kf6 51.Kg2 Kf7 52.Rd5 Rc2+ 53.Kf1 Kf6 
54.Ke1 Bb4+ 55.Kd1 Rc3 56.Rb5 Ba3 57.Ke2 Bd6 58.Rd5 Bb4 59.Rd8 Rc2+ 60.Kd1
Rc3 61.Rf8+ Kg7 62.Rc8 Kf6 63.Ke2 Bd6 64.Re3 Rc1 65.Kd2 Rb1 66.c5 1-0